US States Containing the Letter S - Statistics

General Stats
  • This quiz has been taken 448 times
  • The average score is 20 of 21
Answer Stats
Answer % Correct
South Carolina
98%
South Dakota
98%
Mississippi
97%
Washington
97%
Alaska
96%
Texas
96%
Kansas
95%
Missouri
95%
Wisconsin
95%
Louisiana
94%
Massachusetts
94%
New Hampshire
94%
Rhode Island
94%
Tennessee
94%
West Virginia
94%
Arkansas
93%
Illinois
92%
Nebraska
92%
New Jersey
91%
Pennsylvania
91%
Minnesota
89%
No matching quizzes found
Score Distribution
Percent of People with Each Score
Percentile by Number Answered
Your Score History
You have not taken this quiz